Arte y literatura fantásticas
Gardado en:
| Autor Principal: | |
|---|---|
| Formato: | Libro |
| Idioma: | Lingua castelá |
| Publicado: |
Buenos Aires
Eudeba
1965
|
| Series: | Lectores de Eudeba, 80
|
| Subjects: | |
| Tags: |
Engadir etiqueta
Sen Etiquetas, Sexa o primeiro en etiquetar este rexistro!
|
MARC
| LEADER | 00000cam a2200000 a 4500 | ||
|---|---|---|---|
| 001 | UCX5804 | ||
| 003 | CL-VaPUC | ||
| 008 | 930119e19650000AG |||||||||||||||||spa|d | ||
| 082 | 0 | 4 | |a 809.3 |b VAX |2 21 |
| 100 | 0 | |a Vax, Louis |e author |9 322177 | |
| 245 | 1 | 0 | |a Arte y literatura fantásticas |
| 300 | |a 127 p | ||
| 942 | |c BK | ||
| 945 | |d 19930119 00:00:00 | ||
| 260 | |a Buenos Aires |b Eudeba |c 1965 | ||
| 650 | 7 | |a LITERATURA FANTASTICA HISTORIA Y CRITICA |2 CL-VaPUC |9 322081 | |
| 583 | |a last modification |c 20140303 02:33:07 |k Rodrigo Vera | ||
| 490 | 0 | |a Lectores de Eudeba, 80 | |
| 999 | |c 225977 |d 225975 | ||
| 952 | |0 0 |1 0 |4 0 |6 809_300000000000000_VAX_1965 |7 0 |8 A |9 223962 |a BIBEDU |b BIBEDU |d 2019-11-15 |i 2927691 |o 809.3 VAX 1965 |p 2927691 |r 2019-11-15 |w 2019-11-15 |y BK |k LIT | ||
| 952 | |0 0 |1 0 |4 0 |6 809_300000000000000_VAX_1965 |7 0 |8 A |9 223963 |a BIBEDU |b BIBEDU |d 2019-11-15 |i 3106705 |o 809.3 VAX 1965 |p 3106705 |r 2019-11-15 |w 2019-11-15 |y BK |k LIT | ||
| 952 | |0 0 |1 0 |3 erb |4 0 |6 809_300000000000000_VAX_1965 |7 0 |8 A |9 223964 |a BIBART |b BIBART |i 5054796 |o 809.3 VAX 1965 |p 5054796 |r 2025-03-13 |w 2019-11-15 |y BK |z Catalogado en:20140307 |k ART | ||